Guess The Artist By Letter (M) - Statistics

General Stats
  • This quiz has been taken 105 times
  • The average score is 7 of 18
Answer Stats
Hint Answer % Correct
Thriller Michael Jackson
100%
Like a Prayer Madonna
91%
Enter Sandman Metallica
83%
California Dreamin' The Mamas & The Papas
78%
Down Under Men At Work
66%
Our House Madness
52%
Ain't No Mountain High Enough Marvin Gaye & Tammi Terrell
47%
Broken Wings Mr. Mister
40%
Uprising Muse
24%
One Night in Bangkok Murray Head
23%
Stolen Dance Milky Chance
20%
Mississippi Queen Mountain
16%
Please Mr. Postman The Marvelettes
14%
Right Back Where We Started From Maxine Nightingale
7%
Can't You See The Marshall Tucker Band
7%
Big Iron Marty Robbins
4%
Everybody Plays The Fool The Main Ingredient
3%
Classical Gas Mason Williams
2%
No matching quizzes found
Score Distribution
Percent of People with Each Score
Percentile by Number Answered
Your Score History
You have not taken this quiz